[Event "Online Olym Div2 B 2020"]
[Site "chess.com INT"]
[Date "2020.08.14"]
[Round "1.4"]
[Board "2"]
[White "Mustaps, Matiss"]
[Black "Khumnorkaew, Tupfah"]
[Result "1-0"]
[WhiteTitle "FM"]
[WhiteElo "2363"]
[BlackElo "2099"]
[WhiteTeam "Latvia"]
[BlackTeam "Thailand"]
[WhiteFideId "11602295"]
[BlackFideId "6202071"]
[EventDate "2020.08.14"]
[EventType "team"]

1. e4 e5 2. Nf3 Nc6 3. Bb5 a6 4. Ba4 g6 5. d4 exd4 6. c3 dxc3 7. Nxc3 Bg7 8. Bg5
Bf6 9. h4 d6 10. Rc1 Bd7 11. Nd5 Bxg5 12. hxg5 f6 13. Nd4 fxg5 14. Bxc6 bxc6 15.
Nxc6 Bxc6 16. Rxc6 Ne7 17. Qd4 O-O 18. Rxc7 Rf7 19. Nxe7+ Rxe7 20. Rxe7 Qxe7 21.
Qd5+ 1-0

[Event "Online Olym Div2 B 2020"]
[Site "chess.com INT"]
[Date "2020.08.14"]
[Round "1.4"]
[Board "3"]
[White "Promsirinimit, Pornouma"]
[Black "Berzina, Ilze"]
[Result "0-1"]
[BlackTitle "WGM"]
[WhiteElo "1559"]
[BlackElo "2192"]
[WhiteTeam "Thailand"]
[BlackTeam "Latvia"]
[WhiteFideId "6204171"]
[BlackFideId "11601345"]
[EventDate "2020.08.14"]
[EventType "team"]

1. e4 c6 2. d4 d5 3. exd5 cxd5 4. Nf3 Nf6 5. Bd3 Bg4 6. h3 Bh5 7. c3 e6 8. Qa4+
Nbd7 9. Ne5 a6 10. f4 Bg6 11. f5 Bxf5 12. Bxf5 exf5 13. O-O b5 14. Qc2 Nxe5 15.
dxe5 Ne4 16. Rxf5 Bc5+ 17. Kh2 O-O 18. Nd2 g6 19. Nxe4 dxe4 20. Rf4 Qd3 21. Qxd3
exd3 22. Rf3 Rad8 23. Be3 Bxe3 24. Rxe3 Rd5 25. Rd1 Rfd8 26. Kg3 Kf8 27. Kf3 Ke7
28. g4 Ke6 29. Kf4 d2 30. Re2 h6 31. h4 g5+ 32. hxg5 hxg5+ 33. Kf3 Rd3+ 34. Kf2
R8d5 35. Re3 Rxe3 36. Kxe3 Kxe5 37. b3 f5 38. gxf5 Kxf5 39. Rxd2 Rxd2 40. Kxd2
Ke4 41. Ke2 g4 42. a3 g3 43. a4 bxa4 44. bxa4 a5 45. c4 Kd4 46. Kf3 Kxc4 47.
Kxg3 Kb4 48. Kf3 Kxa4 49. Ke3 Kb3 0-1

[Event "Online Olym Div2 B 2020"]
[Site "chess.com INT"]
[Date "2020.08.14"]
[Round "1.4"]
[Board "4"]
[White "Rogule, Laura"]
[Black "Taweesupmun, Chanida"]
[Result "1-0"]
[WhiteTitle "WGM"]
[BlackTitle "WCM"]
[WhiteElo "2297"]
[BlackElo "1604"]
[WhiteTeam "Latvia"]
[BlackTeam "Thailand"]
[WhiteFideId "11601876"]
[BlackFideId "6200117"]
[EventDate "2020.08.14"]
[EventType "team"]

1. c4 Nf6 2. Nf3 e6 3. d4 d5 4. g3 c6 5. Bg2 Bd6 6. O-O O-O 7. Nc3 Nbd7 8. b3 b6
9. cxd5 cxd5 10. Nb5 Bb8 11. Ba3 Re8 12. Rc1 a6 13. Nd6 Bxd6 14. Bxd6 Ne4 15.
Bc7 Qe7 16. Ne5 Nxe5 17. dxe5 b5 18. f3 Ra7 19. Bb6 Rb7 20. Be3 Nxg3 21. hxg3 f6
22. Qd4 Bd7 23. Rc2 Rc8 24. Rxc8+ Bxc8 25. Rc1 Bd7 26. Rc2 Kf7 27. Kf2 a5 28.
exf6 gxf6 29. f4 Qd6 30. Qc5 Qb8 31. Bf3 a4 32. Bh5+ Kg8 33. Qe7 Bc6 34. Qxe6+ 1-0

[Event "Online Olym Div2 B 2020"]
[Site "chess.com INT"]
[Date "2020.08.14"]
[Round "1.4"]
[Board "5"]
[White "Laohawirapap, Prin"]
[Black "Batashevs, Arsens"]
[Result "1-0"]
[WhiteElo "1913"]
[BlackElo "2149"]
[WhiteTeam "Thailand"]
[BlackTeam "Latvia"]
[WhiteFideId "6205003"]
[BlackFideId "11603593"]
[EventDate "2020.08.14"]
[EventType "team"]

1. e4 g6 2. d4 Bg7 3. Nc3 c5 4. dxc5 Bxc3+ 5. bxc3 Qa5 6. Ne2 Nf6 7. e5 Ne4 8.
Qd5 Nxc5 9. Be3 Nba6 10. f3 d6 11. exd6 Be6 12. Qg5 f6 13. Qh6 O-O-O 14. dxe7
Rd7 15. Qf8+ Rxf8 16. exf8=Q+ Rd8 17. Qxf6 Re8 18. Rd1 Nc7 19. Kf2 Nd5 20. Qd4
Nxe3 21. Qxe3 Bd7 22. Qd4 b6 23. Nc1 1-0

[Event "Online Olym Div2 B 2020"]
[Site "chess.com INT"]
[Date "2020.08.14"]
[Round "1.4"]
[Board "6"]
[White "Golsta, Ramona"]
[Black "Chuemsakul, Sarocha"]
[Result "1-0"]
[BlackTitle "WFM"]
[WhiteElo "1708"]
[BlackElo "1668"]
[WhiteTeam "Latvia"]
[BlackTeam "Thailand"]
[WhiteFideId "11607394"]
[BlackFideId "6203710"]
[EventDate "2020.08.14"]
[EventType "team"]

1. d4 Nf6 2. Nf3 d5 3. Bg5 Nbd7 4. e3 e6 5. Bd3 Be7 6. O-O c5 7. c3 O-O 8. Nbd2
b6 9. Ne5 Bb7 10. f4 Ne4 11. Bxe7 Qxe7 12. Qc2 Ndf6 13. Nxe4 dxe4 14. Be2 Rac8
15. Rae1 Nd5 16. Bd1 Ba6 17. c4 cxd4 18. Qa4 Nc7 19. exd4 b5 20. Qc2 bxc4 21.
Qxe4 Nd5 22. Bc2 Nf6 23. Qe2 Qb7 24. Ng4 Nd5 25. Qe4 g6 26. Qe5 h5 27. Nh6+ Kh7
28. Qxh5 Kg7 29. Qg5 Rh8 30. Nxf7 Qxf7 31. Qe5+ Qf6 32. Qxe6 Qxd4+ 33. Kh1 Qf6
34. Qxd5 Rc7 35. Re6 Qh4 36. Rxg6+ Kf8 37. Qd6+ Re7 38. f5 Ke8 39. Ba4+ Kf7 40.
Qd5+ Kf8 41. Qd6 Kf7 42. f6 Re6 43. Rg7# 1-0

[Event "Online Olym Div2 B 2020"]
[Site "chess.com INT"]
[Date "2020.08.14"]
[Round "1.5"]
[Board "1"]
[White "Halvax, Georg"]
[Black "Smirin, Ilia"]
[Result "0-1"]
[WhiteTitle "IM"]
[BlackTitle "GM"]
[WhiteElo "2402"]
[BlackElo "2612"]
[WhiteTeam "Austria"]
[BlackTeam "Israel"]
[WhiteFideId "1619543"]
[BlackFideId "2801990"]
[EventDate "2020.08.14"]
[EventType "team"]

1. d4 Nf6 2. c4 g6 3. Nc3 Bg7 4. e4 d6 5. Be2 O-O 6. Be3 Nc6 7. Nf3 Ng4 8. Bg5
f6 9. Bd2 e5 10. d5 Ne7 11. h3 Nh6 12. Qc2 f5 13. Ng5 fxe4 14. Ncxe4 Nhf5 15.
Bc3 c6 16. O-O-O cxd5 17. cxd5 Qb6 18. Qb3 Qxb3 19. axb3 Nd4 20. Bxd4 exd4 21.
Bf3 Be5 22. Ne6 Bxe6 23. dxe6 a5 24. Kb1 a4 25. Nd2 axb3 26. Nxb3 Ra4 27. Rd3
Nc6 28. Rhd1 Kg7 29. e7 Re8 30. Bxc6 bxc6 31. Nxd4 Bxd4 32. Rxd4 Rxd4 33. Rxd4
d5 34. Kc2 Rxe7 35. Kd2 Rb7 36. Kc3 Kf6 37. Rf4+ Ke5 38. Rf8 d4+ 39. Kc2 c5 40.
b3 Ra7 41. Kd3 Ra2 42. g3 Rb2 43. f4+ Ke6 44. Re8+ Kd6 45. Rb8 Rg2 46. Kc4 Rc2+
47. Kb5 Rc3 48. b4 cxb4 49. Kxb4 Rxg3 50. Kc4 Rf3 51. Rb7 d3 52. Kc3 Rxh3 53.
Kd2 Ke6 54. Rb5 Rf3 55. Rb7 h5 56. Rb4 Kf5 0-1

[Event "Online Olym Div2 B 2020"]
[Site "chess.com INT"]
[Date "2020.08.14"]
[Round "1.5"]
[Board "2"]
[White "Nabaty, Tamir"]
[Black "Handler, Lukas"]
[Result "0-1"]
[WhiteTitle "GM"]
[BlackTitle "IM"]
[WhiteElo "2635"]
[BlackElo "2422"]
[WhiteTeam "Israel"]
[BlackTeam "Austria"]
[WhiteFideId "2809052"]
[BlackFideId "1609580"]
[EventDate "2020.08.14"]
[EventType "team"]

1. d4 Nf6 2. Nf3 d5 3. Bf4 c5 4. e3 Nc6 5. Nbd2 e6 6. c3 Bd6 7. Bg3 O-O 8. Bb5
Be7 9. Qe2 a6 10. Bd3 Nh5 11. Ne5 g6 12. Nxc6 bxc6 13. O-O Nxg3 14. hxg3 Qb6 15.
Rab1 Bd7 16. dxc5 Bxc5 17. e4 Rfe8 18. e5 Bf8 19. g4 c5 20. Nf3 Bg7 21. g5 Bb5
22. Rfe1 Bxd3 23. Qxd3 Qb5 24. Qd2 Red8 25. Nh2 d4 26. Ng4 dxc3 27. Qxc3 Rd3 28.
Qc2 Rad8 29. Rbd1 c4 30. f4 Bf8 31. b3 cxb3 32. axb3 Qc5+ 0-1

[Event "Online Olym Div2 B 2020"]
[Site "chess.com INT"]
[Date "2020.08.14"]
[Round "1.5"]
[Board "3"]
[White "Froewis, Annika"]
[Black "Klinova, Masha"]
[Result "0-1"]
[WhiteTitle "WFM"]
[BlackTitle "IM"]
[WhiteElo "2136"]
[BlackElo "2275"]
[WhiteTeam "Austria"]
[BlackTeam "Israel"]
[WhiteFideId "1621432"]
[BlackFideId "2802015"]
[EventDate "2020.08.14"]
[EventType "team"]

1. d4 d6 2. e4 Nf6 3. Nc3 e5 4. Nf3 Nbd7 5. Bc4 Be7 6. O-O O-O 7. a4 c6 8. h3 h6
9. Re1 Re8 10. a5 Qc7 11. dxe5 Nxe5 12. Bb3 Bf8 13. Nh4 Be6 14. Bxe6 Rxe6 15.
Ra4 Rae8 16. Nf5 d5 17. Be3 dxe4 18. Bxa7 Ned7 19. Be3 Bc5 20. Qd2 Bxe3 21. Qxe3
Re5 22. Ng3 Rxa5 23. Rxa5 Qxa5 24. Rd1 Nc5 25. Nf5 Ne6 26. Nd6 Rd8 27. Ndxe4
Rxd1+ 28. Nxd1 Nxe4 29. Qxe4 Qd2 30. Qd3 Qxd3 31. cxd3 Nc5 32. Kf1 Nxd3 33. Ke2
Ne5 34. Ke3 f6 35. Kd4 b6 36. Nc3 Kf7 37. Na4 Nd7 38. b4 Ke6 39. g4 Kd6 40. f4
c5+ 41. bxc5+ bxc5+ 42. Kc4 Kc6 43. h4 Nb6+ 44. Nxb6 Kxb6 45. g5 Kc6 46. gxh6
gxh6 47. h5 f5 48. Kc3 Kd5 49. Kd3 c4+ 50. Ke3 Kc5 51. Ke2 Kd4 52. Kd2 Ke4 53.
Kc3 Kxf4 54. Kxc4 0-1

[Event "Online Olym Div2 B 2020"]
[Site "chess.com INT"]
[Date "2020.08.14"]
[Round "1.5"]
[Board "4"]
[White "Lahav, Michal"]
[Black "Novkovic, Julia"]
[Result "1-0"]
[WhiteTitle "WIM"]
[BlackTitle "WFM"]
[WhiteElo "2239"]
[BlackElo "2170"]
[WhiteTeam "Israel"]
[BlackTeam "Austria"]
[WhiteFideId "2813742"]
[BlackFideId "12000086"]
[EventDate "2020.08.14"]
[EventType "team"]

1. c4 e5 2. g3 Nc6 3. Bg2 d6 4. Nc3 Be6 5. d3 Qd7 6. Rb1 g6 7. b4 Bg7 8. b5 Nd8
9. a4 f5 10. Bb2 Rb8 11. Nf3 Nf7 12. O-O Ne7 13. Ne1 f4 14. Ne4 g5 15. Nf3 h6
16. d4 Bxc4 17. Qc2 Bd5 18. dxe5 dxe5 19. Rfd1 c6 20. Ba3 O-O 21. Nc5 Qe8 22.
Nd2 Nd6 23. Nde4 Nxe4 24. Bxe4 Bxe4 25. Qxe4 Nd5 26. bxc6 bxc6 27. Rxb8 Qxb8 28.
Rb1 Qc8 29. Qc4 Rf7 30. Na6 Rb7 31. Rxb7 Qxb7 32. Nb4 Bf8 33. Nxc6 Bxa3 34.
Qxd5+ Kf8 35. Kg2 Qc7 36. Nxe5 fxg3 37. hxg3 Bd6 38. Nc4 Be7 39. Ne3 Qd6 40.
Qa8+ Kf7 41. Qxa7 Qe5 42. Qb7 Kg6 43. Qc6+ Kg7 44. Qa8 Qd4 45. a5 Qa4 46. a6 Bc5
47. Qb7+ Kg6 48. Nf1 Qd4 49. Ne3 Qa4 50. Nd5 Qe4+ 51. Kg1 Qxe2 52. Qc6+ Kf5 53.
Qxc5 Qe1+ 54. Kh2 g4 55. Ne3+ Ke4 56. Qd5# 1-0

[Event "Online Olym Div2 B 2020"]
[Site "chess.com INT"]
[Date "2020.08.14"]
[Round "1.5"]
[Board "5"]
[White "Blohberger, Felix"]
[Black "Iliaguev, Nisim"]
[Result "0-1"]
[WhiteTitle "IM"]
[BlackTitle "FM"]
[WhiteElo "2467"]
[BlackElo "2335"]
[WhiteTeam "Austria"]
[BlackTeam "Israel"]
[WhiteFideId "1632051"]
[BlackFideId "2817276"]
[EventDate "2020.08.14"]
[EventType "team"]

1. e4 c6 2. Nf3 d5 3. Nc3 Bg4 4. h3 Bxf3 5. Qxf3 e6 6. Be2 Nf6 7. O-O Be7 8. Rd1
O-O 9. d4 dxe4 10. Nxe4 Nbd7 11. c3 a5 12. a4 Nxe4 13. Qxe4 Nf6 14. Qf3 Qd7 15.
Bd3 b5 16. Bg5 Rfb8 17. axb5 cxb5 18. Bc2 a4 19. g3 h6 20. Bf4 Rc8 21. Be5 Ra7
22. Qd3 g6 23. h4 h5 24. Qf3 Ng4 25. Bf4 b4 26. Be4 bxc3 27. bxc3 a3 28. d5 e5
29. Bg5 Bc5 30. Ra2 f5 31. Bb1 e4 32. Qf4 Qd6 33. Qxd6 Bxd6 34. Rc1 Ne5 35. Bf4
Ra5 36. c4 Rxc4 37. Rxc4 Nxc4 38. Bc1 Rxd5 39. Bc2 Rc5 40. Bb3 Kh7 41. Kg2 Rc6
42. Rc2 Na5 43. Rxc6 Nxc6 44. Bd5 Nd4 45. Kf1 Bb4 46. Be3 Nc2 47. Bf4 Bc5 48.
Be5 Nb4 49. Bc4 a2 50. Bc3 Bf8 51. Ke2 Bg7 0-1

[Event "Online Olym Div2 B 2020"]
[Site "chess.com INT"]
[Date "2020.08.14"]
[Round "1.5"]
[Board "6"]
[White "Katkov, Michelle"]
[Black "Polterauer, Chiara"]
[Result "0-1"]
[WhiteTitle "WFM"]
[BlackTitle "WFM"]
[WhiteElo "2144"]
[BlackElo "2178"]
[WhiteTeam "Israel"]
[BlackTeam "Austria"]
[WhiteFideId "2816393"]
[BlackFideId "1638165"]
[EventDate "2020.08.14"]
[EventType "team"]

1. e4 e5 2. Nf3 Nc6 3. Bc4 Bc5 4. c3 Nf6 5. d3 d6 6. Bb3 a5 7. a4 Be6 8. Nbd2
O-O 9. h3 Nh5 10. Nf1 Qf6 11. Be3 Nf4 12. Bxf4 Qxf4 13. Bxe6 fxe6 14. Qb3 Nd8
15. N1d2 Kh8 16. O-O Rf6 17. d4 exd4 18. cxd4 Bb4 19. Qe3 Nc6 20. Nc4 Raf8 21.
e5 Rg6 22. Kh1 d5 23. Na3 Qf7 24. Nb5 Qd7 25. Rac1 Be7 26. Rfd1 Bd8 27. Nh2 Ne7
28. Ng4 Nf5 29. Qd3 c6 30. Nc3 Nh4 31. Rf1 Bg5 32. Rce1 Qe7 33. Nd1 Qb4 34. b3
Nf5 35. f4 Bh4 36. Re2 Ng3+ 0-1

[Event "Online Olym Div2 B 2020"]
[Site "chess.com INT"]
[Date "2020.08.14"]
[Round "2.1"]
[Board "1"]
[White "Mastrovasilis, Dimitrios"]
[Black "Rodshtein, Maxim"]
[Result "1/2-1/2"]
[WhiteTitle "GM"]
[BlackTitle "GM"]
[WhiteElo "2604"]
[BlackElo "2614"]
[WhiteTeam "Greece"]
[BlackTeam "Israel"]
[WhiteFideId "4202694"]
[BlackFideId "2806851"]
[EventDate "2020.08.14"]
[EventType "team"]

1. e4 c6 2. d4 d5 3. Nd2 dxe4 4. Nxe4 Nd7 5. Nf3 Ngf6 6. Nxf6+ Nxf6 7. c3 Bg4 8.
h3 Bxf3 9. Qxf3 e6 10. g3 Bd6 11. Bg2 O-O 12. O-O Qc7 13. Bg5 Nd7 14. Rfe1 Rfe8
15. h4 a5 16. Rad1 a4 17. a3 Rac8 18. Re2 b5 19. Qg4 Be7 20. Bf4 Bd6 21. Bg5 Be7
22. Bf4 Bd6 23. Bg5 1/2-1/2

[Event "Online Olym Div2 B 2020"]
[Site "chess.com INT"]
[Date "2020.08.14"]
[Round "2.1"]
[Board "2"]
[White "Smirin, Ilia"]
[Black "Pavlidis, Antonios"]
[Result "0-1"]
[WhiteTitle "GM"]
[BlackTitle "GM"]
[WhiteElo "2612"]
[BlackElo "2543"]
[WhiteTeam "Israel"]
[BlackTeam "Greece"]
[WhiteFideId "2801990"]
[BlackFideId "4212312"]
[EventDate "2020.08.14"]
[EventType "team"]

1. e4 e5 2. Nf3 Nc6 3. Bb5 a6 4. Ba4 d6 5. O-O Bd7 6. c4 g5 7. d4 g4 8. Bxc6
bxc6 9. Ne1 h5 10. dxe5 dxe5 11. Nd3 f6 12. Nc3 h4 13. Be3 g3 14. f4 Be6 15.
fxe5 h3 16. Nf4 gxh2+ 17. Kxh2 hxg2+ 18. Kxg2 Bxc4 19. Qxd8+ Rxd8 20. Rfd1 Rxd1
21. Rxd1 fxe5 22. Ng6 Rh5 23. Nxf8 Kxf8 24. Rd7 Nf6 25. Rxc7 Nxe4 26. Rxc6 Bd3
27. Nd5 Rf5 28. Rc1 Be2 29. Nc3 Bf3+ 30. Kg1 Nf6 31. Rf1 e4 32. Ne2 Ng4 33. Nd4
Nxe3 34. Nxf5 Nxf5 35. Kf2 Ke7 36. Rg1 Kf6 37. Rg8 Bh5 38. Ra8 e3+ 39. Ke1 Nd4
40. Rxa6+ Ke7 41. Ra7+ Kd6 42. Ra6+ Kc7 43. Ra7+ Kb6 44. Re7 Nc2+ 45. Kf1 Bd1
46. Re5 Kc6 47. a4 Kd6 48. Re8 Bh5 49. Re4 Kd5 50. Re7 Kd6 51. Re4 Bg6 52. Rh4
Bd3+ 53. Kg2 e2 54. Rh1 Be4+ 55. Kf2 Bxh1 56. Kxe2 Kc5 57. Kd3 Nb4+ 58. Kc3 Bc6
59. b3 Bd5 60. a5 Na6 61. b4+ Nxb4 62. a6 Nxa6 63. Kb2 Kd4 64. Ka1 Kc3 65. Kb1
Nb4 66. Ka1 Nc2+ 67. Kb1 Bc4 68. Kc1 Ba2 69. Kd1 Nd4 70. Ke1 Kd3 71. Kf2 Ne2 72.
Kf3 Be6 0-1

[Event "Online Olym Div2 B 2020"]
[Site "chess.com INT"]
[Date "2020.08.14"]
[Round "2.1"]
[Board "3"]
[White "Tsolakidou, Stavroula"]
[Black "Shvayger, Yuliya"]
[Result "1-0"]
[WhiteTitle "IM"]
[BlackTitle "IM"]
[WhiteElo "2391"]
[BlackElo "2332"]
[WhiteTeam "Greece"]
[BlackTeam "Israel"]
[WhiteFideId "4264312"]
[BlackFideId "14100126"]
[EventDate "2020.08.14"]
[EventType "team"]

1. e4 c5 2. Nf3 Nc6 3. Bb5 g6 4. O-O Bg7 5. c3 Nf6 6. Re1 O-O 7. h3 Qb6 8. Ba4
Ne8 9. Na3 e5 10. d3 d6 11. Nc4 Qd8 12. Bg5 f6 13. Bh4 Nc7 14. Bb3 Kh8 15. a4
Ne6 16. Ne3 Qd7 17. Nd5 b6 18. Bc4 Bb7 19. Nd2 Ne7 20. Nxe7 Qxe7 21. a5 Rab8 22.
axb6 axb6 23. Qb3 Bc8 24. Bb5 Nf4 25. d4 cxd4 26. cxd4 Ne6 27. Nf3 g5 28. Bg3 h5
29. d5 Nc5 30. Qd1 f5 31. exf5 Bxf5 32. Nd4 Qf7 33. Nxf5 Qxf5 34. Qxh5+ Kg8 35.
Qg4 Qxg4 36. hxg4 Nb3 37. Ra7 Nd4 38. Bd3 Rf7 39. Rxf7 Kxf7 40. f3 b5 41. Rc1
Rb7 42. Bf2 Bf6 43. Rc8 Be7 44. Be3 Kg7 45. Kf2 b4 46. Ke1 b3 47. Kd2 Ra7 48.
Bc4 Ra1 49. Rc7 Kf8 50. Bxd4 exd4 51. Bxb3 Rg1 52. Bc2 Rxg2+ 53. Kd3 Rf2 54. Ke4
Kf7 55. b4 d3 56. Bxd3 Rb2 57. b5 Rb4+ 58. Ke3 Kf8 59. Rd7 Ke8 60. Rb7 Bf6 61.
Bg6+ Kd8 62. Bf5 Be5 63. Ke2 Rb2+ 64. Kd3 Rb3+ 65. Kc2 Rb2+ 66. Kc1 Rb4 67. b6
Ke8 68. Rb8+ Kf7 69. b7 Bd4 70. Bc8 Ba7 71. Ra8 1-0

[Event "Online Olym Div2 B 2020"]
[Site "chess.com INT"]
[Date "2020.08.14"]
[Round "2.1"]
[Board "4"]
[White "Gutmakher, Olga"]
[Black "Botsari, Anna-Maria"]
[Result "0-1"]
[WhiteTitle "WIM"]
[BlackTitle "WGM"]
[WhiteElo "2254"]
[BlackElo "2222"]
[WhiteTeam "Israel"]
[BlackTeam "Greece"]
[WhiteFideId "2807602"]
[BlackFideId "4200446"]
[EventDate "2020.08.14"]
[EventType "team"]

1. e4 c5 2. Nf3 e6 3. d4 cxd4 4. Nxd4 Nc6 5. Nc3 Qc7 6. g3 a6 7. Bg2 Nf6 8. O-O
Nxd4 9. Qxd4 Bc5 10. Qd3 Ng4 11. h3 Ne5 12. Qe2 d6 13. Nd1 Bd7 14. b3 Rc8 15.
Bb2 O-O 16. Rc1 b5 17. Ne3 Qa7 18. Rfd1 Bc6 19. Ng4 Nxg4 20. Qxg4 Bxf2+ 21. Kh2
f5 22. exf5 exf5 23. Qf4 Bxg2 24. Kxg2 Be3 25. Qxd6 Bxc1 26. Rxc1 Qb7+ 27. Kg1
Rcd8 28. Qe6+ Kh8 29. Qe3 Rde8 30. Qf2 Qe4 31. c4 bxc4 32. bxc4 f4 33. g4 f3 34.
c5 Qe2 35. Rc2 Qxf2+ 36. Kxf2 Re6 37. Bd4 Rc8 38. Kxf3 h6 39. h4 Kh7 40. h5 g6
41. Rb2 Rf8+ 42. Kg3 Rfe8 43. c6 gxh5 44. gxh5 Rxc6 45. Rb7+ Kg8 46. Rg7+ Kf8
47. Rd7 Re4 48. Kf3 Rh4 49. Rd5 Kf7 50. Be3 Rh3+ 51. Ke4 Re6+ 52. Kf5 Rhxe3 0-1

[Event "Online Olym Div2 B 2020"]
[Site "chess.com INT"]
[Date "2020.08.14"]
[Round "2.1"]
[Board "5"]
[White "Alexakis, Dimitris"]
[Black "Gorodetzky, David"]
[Result "1-0"]
[WhiteTitle "FM"]
[BlackTitle "IM"]
[WhiteElo "2450"]
[BlackElo "2489"]
[WhiteTeam "Greece"]
[BlackTeam "Israel"]
[WhiteFideId "4277023"]
[BlackFideId "2813416"]
[EventDate "2020.08.14"]
[EventType "team"]

1. e4 c6 2. d4 d5 3. Nd2 dxe4 4. Nxe4 Bf5 5. Qf3 e6 6. Ne2 Bxe4 7. Qxe4 Nf6 8.
Qd3 Bd6 9. g3 Nbd7 10. Bg2 Qc7 11. Be3 Rd8 12. O-O O-O 13. Qb3 Rfe8 14. Rad1 b5
15. c4 bxc4 16. Qxc4 Nd5 17. Rc1 Rc8 18. Nc3 Qb8 19. Ne4 Bf8 20. Qe2 h6 21. a3
Rc7 22. b4 a5 23. bxa5 Qa7 24. a6 Ra8 25. Nc3 N7f6 26. Nxd5 Nxd5 27. Bxd5 cxd5
28. Rxc7 Qxc7 29. a4 Qc6 30. Qb5 Qxa6 31. Qxa6 Rxa6 32. Ra1 Bb4 33. Kf1 f6 34.
Ke2 Kf7 35. Kd3 e5 36. Kc2 Ke6 37. Kb3 Ba5 38. Rc1 Rb6+ 39. Ka3 e4 40. Rc8 g5
41. Ra8 Bb4+ 42. Ka2 f5 43. a5 Rb5 44. a6 Be1 45. a7 Ra5+ 46. Kb3 f4 47. gxf4
gxf4 48. Bxf4 Bxf2 49. Bg3 Bxg3 50. hxg3 Kf5 51. Rf8+ Kg4 52. a8=Q Rxa8 53. Rxa8
Kxg3 54. Rh8 e3 55. Rxh6 e2 56. Re6 Kf2 57. Kb4 1-0

[Event "Online Olym Div2 B 2020"]
[Site "chess.com INT"]
[Date "2020.08.14"]
[Round "2.1"]
[Board "6"]
[White "Levitan, Ronit"]
[Black "Avramidou, Anastasia"]
[Result "1/2-1/2"]
[WhiteTitle "WCM"]
[BlackTitle "FM"]
[WhiteElo "2005"]
[BlackElo "2267"]
[WhiteTeam "Israel"]
[BlackTeam "Greece"]
[WhiteFideId "2815109"]
[BlackFideId "4239873"]
[EventDate "2020.08.14"]
[EventType "team"]

1. e4 g6 2. d4 Bg7 3. Nf3 d6 4. Nc3 Nf6 5. h3 O-O 6. Be3 c6 7. a4 Qc7 8. Be2 e5
9. dxe5 dxe5 10. O-O Rd8 11. Qc1 Nbd7 12. Nd2 Nf8 13. f4 exf4 14. Bxf4 Qe7 15.
e5 Nd5 16. Nxd5 cxd5 17. Nf3 Bf5 18. Nd4 Be4 19. Nf3 Ne6 20. Bg3 Rac8 21. Qe3
Bxf3 22. Bxf3 Rxc2 23. Rad1 d4 24. Qb3 Rc7 25. Rfe1 Qg5 26. Bg4 Re7 27. Qf3 h5
28. Bxe6 Rxe6 29. Rf1 Rf8 30. Rxd4 Bxe5 31. Bxe5 Qxe5 32. Rd7 Qe3+ 33. Qxe3 Rxe3
34. Rxb7 a5 35. b3 Re2 36. Ra7 Rb2 37. Rf3 h4 38. Rxa5 Rd8 39. Ra7 Rdd2 40.
Rfxf7 Rxg2+ 41. Kf1 Rgc2 42. Rg7+ Kf8 43. Rgf7+ Kg8 44. Rg7+ Kf8 45. Rgf7+ Kg8 1/2-1/2

[Event "Online Olym Div2 B 2020"]
[Site "chess.com INT"]
[Date "2020.08.14"]
[Round "2.2"]
[Board "1"]
[White "Kantans, Toms"]
[Black "Halvax, Georg"]
[Result "1-0"]
[WhiteTitle "GM"]
[BlackTitle "IM"]
[WhiteElo "2499"]
[BlackElo "2402"]
[WhiteTeam "Latvia"]
[BlackTeam "Austria"]
[WhiteFideId "11602945"]
[BlackFideId "1619543"]
[EventDate "2020.08.14"]
[EventType "team"]

1. e4 c5 2. Nf3 Nc6 3. Bb5 g6 4. c3 Nf6 5. Qe2 Bg7 6. O-O O-O 7. Rd1 d5 8. e5
Ne8 9. d4 cxd4 10. cxd4 Nc7 11. Bxc6 bxc6 12. Nc3 f6 13. exf6 exf6 14. Bf4 g5
15. Bg3 Bf5 16. Rac1 Re8 17. Qf1 Ne6 18. Na4 Qd7 19. Qa6 Rac8 20. h3 h5 21. b4
g4 22. Nh4 Be4 23. hxg4 hxg4 24. Rc3 f5 25. Be5 Bxe5 26. dxe5 d4 27. Nc5 Nxc5
28. Rxc5 Qh7 29. g3 d3 30. Rxd3 Bxd3 31. Qxd3 Rcd8 32. Qc4+ Qf7 33. Qf4 Rd1+ 34.
Kg2 Re6 35. Nxf5 Qh5 36. Nh4 Rd5 37. Rxd5 cxd5 38. Nf5 Kh7 39. Kg1 Kg6 40. Ne7+
Kg7 41. Nxd5 Rxe5 42. Ne3 Rg5 43. Qd4+ Kh7 44. Qxa7+ Rg7 45. Qd4 Kg8 46. a4 Rh7
47. Qc4+ Kf8 48. Qc8+ Kf7 49. Qb7+ Kf8 50. Qa8+ Kf7 51. a5 Qh2+ 52. Kf1 Qh1+ 53.
Qxh1 Rxh1+ 54. Ke2 Rb1 55. Nc2 Ke6 56. Kd3 Rb3+ 57. Kc4 Rf3 58. Nd4+ 1-0

[Event "Online Olym Div2 B 2020"]
[Site "chess.com INT"]
[Date "2020.08.14"]
[Round "2.2"]
[Board "2"]
[White "Handler, Lukas"]
[Black "Mustaps, Matiss"]
[Result "1-0"]
[WhiteTitle "IM"]
[BlackTitle "FM"]
[WhiteElo "2422"]
[BlackElo "2363"]
[WhiteTeam "Austria"]
[BlackTeam "Latvia"]
[WhiteFideId "1609580"]
[BlackFideId "11602295"]
[EventDate "2020.08.14"]
[EventType "team"]

1. d4 Nf6 2. c4 g6 3. Nc3 Bg7 4. e4 O-O 5. Be2 d6 6. Be3 Na6 7. h4 e5 8. d5 Nc5
9. Bxc5 dxc5 10. h5 Ne8 11. hxg6 hxg6 12. Nf3 Nd6 13. Qd3 a6 14. Qe3 b6 15.
O-O-O Qe7 16. Rh2 f5 17. Rdh1 f4 18. Qd3 b5 19. Nd2 Bd7 20. Kb1 Rab8 21. Ka1 Rb6
22. Nd1 bxc4 23. Nxc4 Rb4 24. Qc2 Rfb8 25. Nxd6 cxd6 26. Bc4 Bb5 27. Bxb5 axb5
28. Rh3 Ra8 29. Rb3 Rc4 30. Nc3 b4 31. Qe2 Rd4 32. Nb5 Qb7 33. Nxd4 exd4 34. Qc4
Qe7 35. f3 Qg5 36. Rg1 Qg3 37. Kb1 Be5 38. Rd3 Qf2 39. Rgd1 Qxg2 40. R1d2 Qg1+
41. Rd1 Qg2 42. Qc1 Qh3 43. b3 Qd7 44. Rg1 Kg7 45. Qc2 Qf7 46. Rh1 Rc8 47. Qh2
Kg8 48. Qc2 Qb7 49. Rd2 c4 50. bxc4 Qa6 51. Rc1 d3 52. Rxd3 Rc7 53. Qb3 Qb6 54.
Rd2 Qc5 55. Qa4 Ra7 56. Qe8+ Kg7 57. Rh1 Kf6 58. Rg2 Rg7 59. Qe6# 1-0